善, 美, 真的学校 (Record no. 54180)

000 -LEADER
fixed length control field 00517nam a22001937a 4500
003 - CONTROL NUMBER IDENTIFIER
control field MPLRDC
005 - DATE AND TIME OF LATEST TRANSACTION
control field 20220104154825.0
008 - FIXED-LENGTH DATA ELEMENTS--GENERAL INFORMATION
fixed length control field 210129b ||||| |||| 00| 0 eng d
020 ## - INTERNATIONAL STANDARD BOOK NUMBER
International Standard Book Number 957-8641-18-4
082 ## - DEWEY DECIMAL CLASSIFICATION NUMBER
Classification number 520.11 WILK
100 ## - MAIN ENTRY--PERSONAL NAME
Personal name ROY WILKINSON
245 ## - TITLE STATEMENT
Title 善, 美, 真的学校
Statement of responsibility, etc. 郑鼎耀译
250 ## - EDITION STATEMENT
Edition statement 一版二刷
260 ## - PUBLICATION, DISTRIBUTION, ETC.
Place of publication, distribution, etc. 台湾
Name of publisher, distributor, etc. 光佑文化事业股份有限公司
Date of publication, distribution, etc. 2001
300 ## - PHYSICAL DESCRIPTION
Other physical details
490 ## - SERIES STATEMENT
Series statement 华德福教育丛书. 2
650 ## - SUBJECT ADDED ENTRY--TOPICAL TERM
Topical term or geographic name entry element 教育哲学
942 ## - ADDED ENTRY ELEMENTS (KOHA)
Koha item type Book
-- 520.11 WILK
Holdings
Withdrawn status Lost status Source of classification or shelving scheme Damaged status Not for loan Collection code Home library Current library Shelving location Date acquired Cost, normal purchase price Total Checkouts Full call number Barcode Date last seen Date last checked out Price effective from Koha item type Public note
            Malaysian Public Library, Research and Development Centre Malaysian Public Library, Research and Development Centre   10/12/2007 30.78   520.11 WILK 00054367 18/03/2021 12/02/2012 18/03/2021 Book mplrdc

© 2022. Malaysian Public Library, Research and Development Centre. All Right ReservedE-mailmplrdc@help.edu.my 

Powered by Koha